|
|
|
|
| LEADER |
00000cam a2200000 7i4500 |
| 001 |
0000012281 |
| 005 |
20071211.0 |
| 008 |
071211 |
| 020 |
|
|
|a 9832950082
|
| 090 |
0 |
0 |
|a 297
|b ASA
|
| 245 |
1 |
0 |
|a Asas kecemerlangan ummah
|c penyunting Ali Yakub Matondang [et al]
|
| 260 |
|
|
|a Kuala Lumpur :
|b KUIM ,
|c 2004
|
| 650 |
|
0 |
|a Islam
|x Customs and practices
|
| 650 |
|
0 |
|a Islam
|x Miscellanea
|
| 650 |
|
0 |
|a Malay fiction
|
| 650 |
|
0 |
|a Religious life
|x Islam
|
| 700 |
0 |
|
|a Ali Yakub Matondang
|
| 710 |
0 |
|
|a Title
|
| 999 |
|
|
|a 0001005895
|b Book
|c Adult Collection
|e Perbadanan Perpustakaan Awam Johor
|
| 999 |
|
|
|a 0001005896
|b Book
|c Adult Collection
|e Perbadanan Perpustakaan Awam Johor
|
| 999 |
|
|
|a 0001005897
|b Book
|c Adult Collection
|e Perbadanan Perpustakaan Awam Johor
|